| 000 | 00922nam a2200241 a 4500 | ||
|---|---|---|---|
| 005 | 20210223124638.0 | ||
| 008 | 020712s1999 mx r 000 0 spa d | ||
| 020 | _a970170262X | ||
| 035 | _aUPN01000118088 | ||
| 049 | _aCG | ||
| 050 | 4 |
_aQA76.5 _bL6.68 1999 |
|
| 100 | 1 | _aLong, Larry. | |
| 245 | 1 | 0 |
_aIntroduccion a las computadoras y a los sistemas de información.Edición internet / _cLarry Long, Nancy Long; tr. Jorge Luis Gutiérrez. |
| 250 | _a5a. ed. | ||
| 260 |
_aMéxico : _bPrentice-Hall, _c1999. |
||
| 300 |
_axiv, pag. varia. : _bil. |
||
| 534 |
_tIntroduction to computer and information systems, the internet edition. _pTraducción de: |
||
| 650 | 4 |
_aINFORMACION - _xSISTEMAS DE ALMACENAMIENTO Y RECUPERACIÓN - _xESTUDIO Y ENSEÑANZA |
|
| 650 | 4 |
_aCOMPUTADORAS ELECTRONICAS DIGITALES _97644 |
|
| 650 | 4 |
_aPROCESAMIENTO ELECTRONICO DE DATOS _96577 |
|
| 700 | 1 |
_aLong, Nancy, _ecoaut. |
|
| 905 | _aLibro. | ||
| 999 |
_c90478 _d90478 |
||